[Event "COL-ch sf"]
[Site "Medellin"]
[Date "2014.??.??"]
[Round "5"]
[White "Montenegro, Juan Rolando"]
[Black "Valencia, Cristian Johan"]
[Result "1/2-1/2"]
[WhiteElo "2119"]
[BlackElo "1918"]
[PlyCount "88"]
[EventDate "2014.04.15"]
[EventType "swiss"]
[EventRounds "11"]
[EventCountry "COL"]
[SourceTitle "CBM 160 Extra"]
[Source "ChessBase"]
[SourceDate "2014.07.01"]
[SourceVersion "1"]
[SourceVersionDate "2014.07.01"]
[SourceQuality "1"]

1. e4 c5 2. Nf3 d6 3. c3 Nf6 4. h3 g6 5. Bd3 Bg7 6. Bc2 0-0 7. 0-0 Nc6 8. d4 cxd4 9. cxd4 d5 10. e5 Ne4 11. Nc3 Bf5 12. Nh4 Nxc3 13. bxc3 Bxc2 14. Qxc2 e6 15. Nf3 Qd7 16. Bg5 Rfc8 17. Qd2 Ne7 18. Nh2 Rc4 19. Ng4 Kf8 20. Bh6 Nf5 21. Nf6 Qc8 22. Nxh7+ Kg8 23. Nf6+ Bxf6 24. exf6 Qd8 25. Bg5 Rac8 26. Rac1 Qa5 27. Bh6 Qd8 28. Bg5 Nd6 29. Rfe1 Ne4 30. Qf4 Rxc3 31. Rxc3 Rxc3 32. Rxe4 dxe4 33. Qh4 Ra3 34. Kh2 Ra5 35. g4 Qxd4 36. Be3 Qd6+ 37. Kg2 Qd1 38. Kh2 Qf3 39. g5 Rxa2 40. Qh6 Rxf2+ 41. Bxf2 Qxf2+ 42. Kh1 Qe1+ 43. Kg2 Qe2+ 44. Kh1 Qe1+ 1/2-1/2

[Event "COL-ch sf"]
[Site "Medellin"]
[Date "2014.??.??"]
[Round "7"]
[White "Valencia, Cristian Johan"]
[Black "Agudelo, Carlos Hernan"]
[Result "0-1"]
[WhiteElo "1918"]
[BlackElo "2058"]
[PlyCount "80"]
[EventDate "2014.04.15"]
[EventType "swiss"]
[EventRounds "11"]
[EventCountry "COL"]
[SourceTitle "CBM 160 Extra"]
[Source "ChessBase"]
[SourceDate "2014.07.01"]
[SourceVersion "1"]
[SourceVersionDate "2014.07.01"]
[SourceQuality "1"]

1. e4 Nc6 2. Nf3 g6 3. d4 Bg7 4. c3 d6 5. Bb5 Bd7 6. 0-0 a6 7. Ba4 b5 8. Bc2 e5 9. dxe5 dxe5 10. Be3 Nge7 11. Nbd2 0-0 12. Nb3 Bg4 13. h3 Bc8 14. Nc5 Qe8 15. Qd2 Na5 16. Bh6 Nec6 17. b3 Nb7 18. Be3 Qe7 19. b4 Rd8 20. Qe2 Nxc5 21. Bxc5 Qe8 22. Rfd1 Be6 23. Bb3 h6 24. Ne1 Rxd1 25. Rxd1 Nd8 26. Qd3 Bf8 27. Bxf8 Qxf8 28. Nf3 c5 29. Bd5 Rc8 30. Nxe5 cxb4 31. cxb4 Qxb4 32. Bxe6 Nxe6 33. Qd7 Rc7 34. Qd5 Rc5 35. Qa8+ Kg7 36. Nd7 Rc2 37. Qd5 Qb2 38. e5 Rxf2 39. Rf1 Nf4 40. Rxf2 Qc1+ 0-1

[Event "COL-ch sf"]
[Site "Medellin"]
[Date "2014.??.??"]
[Round "4"]
[White "Valencia, Cristian Johan"]
[Black "Arboleda Orozco, Juan M"]
[Result "1-0"]
[WhiteElo "1918"]
[BlackElo "1617"]
[PlyCount "75"]
[EventDate "2014.04.15"]
[EventType "swiss"]
[EventRounds "11"]
[EventCountry "COL"]
[SourceTitle "CBM 160 Extra"]
[Source "ChessBase"]
[SourceDate "2014.07.01"]
[SourceVersion "1"]
[SourceVersionDate "2014.07.01"]
[SourceQuality "1"]

1. e4 c5 2. Nf3 d6 3. d4 cxd4 4. Nxd4 Nf6 5. Nc3 a6 6. Be2 e5 7. Nb3 Be6 8. 0-0 Be7 9. f4 Qc7 10. f5 Bxb3 11. axb3 0-0 12. g4 h6 13. h4 Nh7 14. Be3 Nd7 15. Nd5 Qd8 16. Nxe7+ Qxe7 17. Qe1 Rac8 18. Rc1 Nc5 19. Bf3 f6 20. Qa5 Rc6 21. b4 Nd7 22. b5 axb5 23. Qxb5 Nc5 24. b4 Na6 25. Qd5+ Kh8 26. b5 Rc3 27. Qd2 Rxe3 28. Qxe3 Nc5 29. Be2 b6 30. Bc4 Qd7 31. Qe2 Rc8 32. Bd5 Na4 33. Be6 Qc7 34. Bxc8 Nc3 35. Qd3 Qxc8 36. Rf3 Qc5+ 37. Kg2 Nxb5 38. Qd5 1-0